Estadísticas para ¿Estas Totalmente Ignorante sobre Coronavirus?

Haz click aquí para intentar la prueba.

Estadísticas generales

  • Esta prueba ha sido intentada 1.184 veces
  • La puntuación promedio es 11 de 14

Estadísticas de respuestas

PreguntaRespuesta% Correcto
¿De qué animal se piensa que vino el virus originalmente?Murciélagos
99%
¿En qué ciudad china empezó el virus?Wuhan
95%
¿Cuál país europeo fue el primero en tener más de 10,000 muertes por el coronavirus?Italia
94%
¿Cuál de los siguientes es un síntoma común del coronavirus?Perdida de olfato
92%
¿Cuál de los siguientes es peor?Pandemia
91%
¿Cuál ciudad de EE.UU. ha sido más afectado?Ciudad de Nueva York
88%
Cierto o falso. La mayoría de la gente que mueren de la enfermedad son gente sobre la edad de 75Cierto
86%
¿Cuál es más relacionado al virus que causa COVID-19?SARS
86%
¿Que demonios es un fómite?Un objeto en donde el virus se puede quedar, posiblemente infectando a otros
83%
¿Cuál de estos líderes mundiales se enfermo con el virus?Boris Johnson
81%
¿Qué droga mucha gente avanzaron a ser prescrito porque pensaron que los ayudaría a tratar el virus?Hidroxicloroquina
79%
¿Cuál de estos países ha tenido menos cierres mandados por el gobierno?Suecia
61%
En el brote inicial en China,¿qué porcentaje de gente que fueron infectado murieron? (Fuente: Wikipedia. estimado de la tasa de mortalidad por infección.)0.66%
38%
¿Qué es una tormenta de citoquinas?Una reacción inmune fatal
30%

Distribución de puntuación

Porcentaje por número respondido

Porcentaje de gente con cada puntuación

Historial de tus puntuaciones

No has intentado esta prueba.